00793cam a22002291 450000100060000000300080000600500170001400800410003103500190007203500180009104000500010904100080015908200240016710000210019124501010021226000500031330000310036350400580039450500800045265000140053265000170054629967BD-RjUL20211209051505.0140408s1960 nyua b 001 0 eng d a(BD-RjUL)30052 a(OCoLC)630696 aDLCcOHirCdOCoLCdIaFairMdDLCdBD-RjULbeng aeng00a157.2bARE V-2 19601 aArnold, Magda B.10aEmotion and personality /cMagda B. Arnold.nVolume II :pNeurological and Physiological Aspects aNew York :bColumbia University Press,c1960. a430 p. :billus. ;c24 cm. aBibliography: v. 1, p. [277]-288; v. 2, p. [364]-402.0 av. 1. Psychological aspects.--v. 2. Neurological and physiological aspects. 0aEmotions. 0aPersonality.